Riconosci il Pokémon - Quiz n°223 - Statistics

Statistiche generali
  • Questo quiz è stato fatto 0 volte
  • Il punteggio medio è 0 su 10
Statistiche sulle risposte
Indizio Risposta % Corretto
Altezza 1,5 m
0%
Peso 70,5 kg
0%
Sesso 75% ♂, 25% ♀
0%
Tasso di cattura 90 (20.1%)
0%
Abilità Dentistretti; Nullodifesa; Cuordeciso
0%
Tipo Lotta
0%
Pokémon Machoke
0%
Tasso di allevamento Medio-Lento
0%
Generazione Prima
0%
Stadio evoluzione Prima evoluzione
0%
Nessun quiz corrispondente trovato
Distribuzione punteggi
Percentuale di utenti per punteggio
Percentile per numero di risposta
I tuoi punteggi nel tempo
Non hai fatto questo quiz